Introductory transport phenomena / (Record no. 21005)

MARC details
000 -LEADER
fixed length control field 01364cam a2200349 i 4500
001 - CONTROL NUMBER
control field 18177320
003 - CONTROL NUMBER IDENTIFIER
control field EG-ScBUE
005 - DATE AND TIME OF LATEST TRANSACTION
control field 20250518094634.0
008 - FIXED-LENGTH DATA ELEMENTS--GENERAL INFORMATION
fixed length control field 140605t2015 njua f b 001 0 eng d
020 ## - INTERNATIONAL STANDARD BOOK NUMBER
International Standard Book Number 9781118775523 (hardback)
040 ## - CATALOGING SOURCE
Original cataloging agency EG-ScBUE
Language of cataloging eng
Description conventions rda
Transcribing agency EG-ScBUE
Modifying agency EG-ScBUE
082 04 - DEWEY DECIMAL CLASSIFICATION NUMBER
Classification number 532.58
Item number INT
Edition number 22
245 00 - TITLE STATEMENT
Title Introductory transport phenomena /
Statement of responsibility, etc R. Byron Bird [and three others]
264 #1 - PUBLICATION, DISTRIBUTION, ETC. (IMPRINT)
Place of publication, distribution, etc Hoboken, New Jersey :
Name of publisher, distributor, etc John Wiley & Sons, INC.,
Date of publication, distribution, etc [2015]
264 #4 - PUBLICATION, DISTRIBUTION, ETC. (IMPRINT)
Date of publication, distribution, etc c2015
300 ## - PHYSICAL DESCRIPTION
Extent x, 769 pages :
Other physical details illustrations ;
Dimensions 26 cm
336 ## - CONTENT TYPE
Source rdacontent
Content type term text
Content type code txt
337 ## - MEDIA TYPE
Media type term unmediated
Source rdamedia
Media type code n
338 ## - CARRIER TYPE
Carrier type term volume
Carrier type code nc
Source rdacarrier
504 ## - BIBLIOGRAPHY, ETC. NOTE
Bibliography, etc Includes bibliographical references and index.
520 ## - SUMMARY, ETC.
Summary, etc "The first seven chapters of this book deal with the flow of viscous fluids of molecular weight less than about 1000 g/g-mol, such as air, water, benzene, and glycerin"--
650 #7 - SUBJECT ADDED ENTRY--TOPICAL TERM
Topical term or geographic name as entry element Viscous flow
General subdivision Mathematical models.
Source of heading or term BUEsh
650 #7 - SUBJECT ADDED ENTRY--TOPICAL TERM
Topical term or geographic name as entry element Fluid dynamics.
Source of heading or term BUEsh
650 #7 - SUBJECT ADDED ENTRY--TOPICAL TERM
Topical term or geographic name as entry element Transport theory.
Source of heading or term BUEsh
653 ## - INDEX TERM--UNCONTROLLED
Resource For college Engineering, General
Arrived date list November2015
655 ## - INDEX TERM--GENRE/FORM
Form subdivision Reading book
9 (RLIN) 34232
700 1# - ADDED ENTRY--PERSONAL NAME
Personal name Bird, R. Byron
Fuller form of name (Robert Byron),
Dates associated with a name 1924-
Relator term author.
700 1# - ADDED ENTRY--PERSONAL NAME
Personal name Stewart, Warren E.,
Dates associated with a name 1925-,
Relator term author.
700 1# - ADDED ENTRY--PERSONAL NAME
Personal name Lightfoot, Edwin N.,
Dates associated with a name 1925-,
Relator term author.
700 1# - ADDED ENTRY--PERSONAL NAME
Personal name Klingenberg, Daniel J.,
Relator term author.
942 ## - ADDED ENTRY ELEMENTS (KOHA)
Source of classification or shelving scheme Dewey Decimal Classification
Koha item type Book - Borrowing
Holdings
Withdrawn status Lost status Source of classification or shelving scheme Damaged status Not for loan Collection code Home library Current library Shelving location Date acquired Source of acquisition Cost, normal purchase price Total Checkouts Total Renewals Full call number Barcode Date last seen Date checked out Cost, replacement price Koha item type
    Dewey Decimal Classification     Baccah Central Library Central Library First floor 01/11/2015 Purchase 1670.00 1 1 532.58 INT 000031261 15/07/2025 10/11/2016 2088.00 Book - Borrowing